| 000 | 00389nam a2200169Ia 4500 | ||
|---|---|---|---|
| 008 | 221030s9999 xx 000 0 und d | ||
| 020 | _a8173194289 | ||
| 041 | _aEnglish | ||
| 082 | _a105.23 | ||
| 100 | _aG. K. Dubey | ||
| 245 | 0 | _aFundamentals of Electrical Drives | |
| 250 | _a2nd | ||
| 260 |
_bNarosa Pub House _aNew Delhi _c2007 |
||
| 300 | _a392 | ||
| 650 | _aBB EE | ||
| 942 | _cBK | ||
| 999 |
_c4007 _d4007 |
||